| 000 | 01217cam a2200337 a 4500 | ||
|---|---|---|---|
| 001 | 109438 | ||
| 005 | 20230410103647.0 | ||
| 008 | 020917r20032001nyuaf b 001 0deng | ||
| 035 | _a12933816 | ||
| 925 | 0 |
_aacquire _b2 shelf copies _xpolicy default |
|
| 942 |
_2lcc _cbk |
||
| 010 | _a 2002035884 | ||
| 020 | _a0312308531 | ||
| 040 |
_aDLC _cDLC _dDLC |
||
| 043 | _ae-urk-- | ||
| 050 | 1 | 4 |
_a300 DK 509 _bG851c 2003 |
| 082 | 0 | 0 | _a947.5/086 |
| 100 | 1 |
_aGriffin, Nicholas, _d1971- |
|
| 245 | 1 | 0 |
_aCaucasus / _cNicholas Griffin. |
| 250 | _a1st U.S. ed. | ||
| 260 |
_aNew York : _bSt. Martin's Press, _c2003. |
||
| 300 |
_a240 p., [8] p. of plates : _bill. ; _c22 cm. |
||
| 500 | _aOriginally published: London : Review, 2001. | ||
| 504 | _aIncludes bibliographical references (p. 229-231) and index. | ||
| 651 | 0 |
_aCaucasus _xDescription and travel. |
|
| 651 | 4 |
_aCáucaso _xDescripciones y viajes. |
|
| 600 | 0 | 0 |
_aShamil, _cImam, _d1798?-1871. |
| 600 | 1 | 0 |
_aGriffin, Nicholas, _d1971- _xTravel _zCaucasus. |
| 856 | 4 | 2 |
_3Contributor biographical information _uhttp://www.loc.gov/catdir/bios/hol052/2002035884.html |
| 856 | 4 | 2 |
_3Publisher description _uhttp://www.loc.gov/catdir/description/hol032/2002035884.html |
| 999 |
_c23413 _d23413 |
||